[Event "Washington Class Championships"]
[Site "Lynnwood, WA"]
[Date "2016.11.26"]
[Round "2"]
[White "Chen Minda  (WA)"]
[Black "Yan Jeffrey  (WA)"]
[Result "1-0"]
[WhiteElo "1637"]
[BlackElo "1725"]
[Annotator ""]
[Source ""]
[Remark "Class B -- 2 Day"]

1.d4 d5 2.c4 c6 3.Nc3 Nf6 4.Bf4 a6 5.cxd5 Nxd5 6.Nxd5 cxd5 7.Nf3
Nc6 8.e3 Bf5 9.a3 e6 10.Rc1 Rc8 11.Be2 Bd6 12.Bxd6 Qxd6 13.O-O
Bg4 14.Ne5 Bxe2 15.Qxe2 O-O 16.Nxc6 Rxc6 17.Qd2 Rfc8 18.g3 Kf8
19.Rfd1 Ke8 20.Kf1 Qc7 21.Rxc6 Qxc6 22.Qd3 Qc2 23.Qxc2 Rxc2 24.Rb1
Kd7 25.Kg2 Kc6 26.a4 b5 27.b3 Ra2 28.Rc1+ Kb6 29.axb5 axb5 30.Rc8
g6 31.Rb8+ Kc6 32.Rc8+ Kd6 33.Rc5 e5 34.Rxb5 e4 35.Rb7 Ke6 36.b4
g5 37.g4 Ra1 38.b5 Ra5 39.b6 Rb5 40.Rb8 Kd6 41.b7 Kc7 42.Rf8
Rxb7 43.Rxf7+ Kc6 44.Rf6+ Kb5 45.Rf5 Rd7 46.Rxg5 Kc4 47.Kg3 Kd3
48.Rf5 Ke2 49.h4 h6 50.g5 h5 51.g6 Rg7 52.Rg5 Kd3 53.Kf4 Ke2
54.Kf5 Kxf2 55.Kf6 Rg8 56.g7 Kxe3 57.Rxd5 Ra8 58.Kg6 Kd2 59.Kh7
e3 60.g8Q Ra7+ {I do not have page two, but the result is clear, although it could take a while.  Houdini4 found mate in 22.}
 1-0

[Event "Washington Class Championships"]
[Site "Lynnwood, WA"]
[Date "2016.11.26"]
[Round "2"]
[White "Elisara Travis  (WA)"]
[Black "Hendricks David  (WA)"]
[Result "1-0"]
[WhiteElo "1669"]
[BlackElo "1753"]
[Annotator ""]
[Source ""]
[Remark "Class B -- 2 Day"]

1.e4 c5 2.c3 e6 3.d4 cxd4 4.cxd4 Nf6 5.Nc3 Bb4 6.e5 Ne4 7.Qg4
Nxc3 8.Qxg7 Ne4+ 9.Ke2 Rf8 10.Bh6 Qc7 11.Rc1 Nc6 12.Nf3 Qb6 13.Ke3
f5 14.Qxh7 Bd2+ 15.Nxd2 Qxd4+ ( 15...Qxb2 $19 ) 16.Ke2 Qxf2+
17.Kd1 Qd4 18.Qg7 Rf7 19.Qg8+ Ke7 20.Bg5+ ( 20.Rc4 Qxe5 21.Rxe4
fxe4 22.Bg5+ {+-} ) Nxg5 21.Qxg5+ Kf8 {=} 22.Qh6+ Ke8 23.Be2
Qxe5 24.Bh5 Qxb2 25.Qg6 Ne5 26.Qg8+ Ke7 27.Bxf7 Nxf7 28.Rxc8
Qa1+ 29.Ke2 Rxc8 30.Qxf7+ Kxf7 31.Rxa1 e5 32.Rb1 b6 33.Rb5 Ke6
34.a4 Rc2 35.Kd1 Ra2 36.Rb4 d5 37.h4 Ra1+ 38.Ke2 Ra2 39.Kd1 f4
40.h5 Ra1+ 41.Nb1 Ra2 42.Nd2 Ra3 43.h6 Kf7 44.Rb5 Rd3 45.Ke2
Re3+ 46.Kf2 Rd3 47.Nf3 Rd1 48.Nxe5+ Kf6 49.Ng4+ Kg6 50.Ke2 {Remaining moves are lost to a time scramble.}
 1-0

[Event "Washington Class Championships"]
[Site "Lynnwood, WA"]
[Date "2016.11.26"]
[Round "2"]
[White "Campbell Tim  (WA)"]
[Black "Xuan Owen  (WA)"]
[Result "0-1"]
[WhiteElo "1792"]
[BlackElo "1642"]
[Annotator ""]
[Source ""]
[Remark "Class B -- 2 Day"]

1.e4 c5 2.Nf3 d6 3.d4 cxd4 4.Qxd4 Nc6 5.Bb5 Bd7 6.Bxc6 Bxc6 7.Nc3
Nf6 8.Bg5 e6 9.O-O-O Be7 10.Bxf6 Bxf6 11.Qxd6 Qxd6 12.Rxd6 Bxc3
13.bxc3 Bxe4 14.Ne5 Rc8 15.f3 Bd5 16.Kb2 f6 17.c4 Bxc4 18.Nxc4
Rxc4 19.Rhd1 Kf7 20.Rd7+ Kg6 21.Rxb7 Rhc8 22.Rd2 a5 23.a3 R8c5
24.g4 e5 25.h4 Rc3 26.Rb3 R3c4 27.Rbd3 h5 28.Rg2 f5 29.Rd6+ Kh7
30.g5 e4 31.g6+ Kh6 32.Rd8 Rc8 33.Rxc8 Rxc8 34.fxe4 fxe4 35.Kb3
e3 36.c4 Re8 37.Re2 Kxg6 38.Kc3 Kf5 39.Kd4 Kf4 40.Kd3 Kf3 41.Re1
e2 0-1

[Event "Washington Class Championships"]
[Site "Lynnwood, WA"]
[Date "2016.11.26"]
[Round "3"]
[White "Campbell Tim  (WA)"]
[Black "Bravo Angelo  (WA)"]
[Result "0-1"]
[WhiteElo "1792"]
[BlackElo "1618"]
[Annotator ""]
[Source ""]
[Remark "Class B -- 2 Day"]

1.e4 c6 2.d4 d6 3.Nf3 g6 4.c4 Bg7 5.Nc3 a5 6.Be3 Na6 7.a3 Nf6
8.Rb1 O-O 9.b4 axb4 10.axb4 Ng4 11.Bg5 c5 12.Nd5 f6 13.Bh4 e6
14.b5 exd5 15.bxa6 dxe4 16.axb7 Bxb7 17.Nd2 Bc8 18.dxc5 dxc5
19.h3 Nh6 20.Nxe4 Qe8 21.Qd5+ Be6 22.Qxc5 Nf5 23.Bg3 Nxg3 24.fxg3
Bf5 25.Qd5+ Kh8 26.Bd3 Rd8 0-1

[Event "Washington Class Championships"]
[Site "Lynnwood, WA"]
[Date "2016.11.26"]
[Round "3"]
[White "Hawkins Nicholas  (ID)"]
[Black "Truelson Joseph  (WA)"]
[Result "0-1"]
[WhiteElo "1870"]
[BlackElo "1825"]
[Annotator ""]
[Source ""]
[Remark "Class A -- 2 Day"]

1.e4 e5 2.Nf3 Nf6 3.Nxe5 d6 4.Nf3 Nxe4 5.Nc3 Nxc3 6.dxc3 Be7
7.Be3 Nd7 8.Qd2 O-O 9.O-O-O Ne5 10.Nxe5 dxe5 11.Bd3 Be6 12.Kb1
Qe8 13.Qe2 f5 14.f4 e4 15.Bc4 Qf7 16.Bxe6 Qxe6 17.Rdg1 Kh8 18.g4
fxg4 19.Rxg4 Rf5 20.Bd4 Bf6 21.Rhg1 Rg8 22.Bxf6 Rxf6 23.Re1 Re8
24.Qb5 Ref8 25.Reg1 e3 26.Qe2 Rxf4 27.Rxg7 Rf2 28.Qd3 Qf5 29.b3
Qxd3 30.cxd3 e2 31.Kc1 Rf1+ 0-1

[Event "Washington Class Championships"]
[Site "Lynnwood, WA"]
[Date "2016.11.26"]
[Round "3"]
[White "Hendricks David  (WA)"]
[Black "Tu Robin  (WA)"]
[Result "1-0"]
[WhiteElo "1753"]
[BlackElo "1750"]
[Annotator ""]
[Source ""]
[Remark "Class B -- 2 Day"]

1.d4 Nf6 2.Bf4 d6 3.Nf3 g6 4.e3 Bg7 5.c4 O-O 6.Nc3 Nbd7 7.Be2
c5 8.O-O h6 9.h3 g5 10.Bh2 g4 11.Nd2 gxh3 12.gxh3 Kh8 13.Bf3
Rg8 14.Kh1 Nf8 15.Bg2 Ne6 16.Nf3 Ng5 17.Nxg5 hxg5 18.Ne4 g4 19.Nxf6
Bxf6 20.hxg4 Bxg4 21.f3 Bh5 22.Qd2 Qf8 23.dxc5 dxc5 24.Qd5 Qh6
25.f4 Rad8 26.Qe4 Rg7 27.Rf2 Rdg8 28.Rg1 Bh4 29.Rd2 Bg3 30.Bh3
Bf3+ 31.Qxf3 Qxh3 32.Rdg2 Rh7 33.Qe2 Rgg7 34.Rxg3 Rxg3 35.Rxg3
Qxg3 36.b3 Rh3 37.f5 Qxe3 38.Qxe3 Rxe3 39.Bg1 Re1 40.Kg2 Re2+
41.Kf3 Rxa2 42.Bxc5 e5 43.fxe6 fxe6 44.Kf4 Kg7 45.Ke5 Kf7 46.Kd6
b6 47.Bd4 Rd2 48.Ke5 {Score stops here.  Evidently, in G/60 time pressure, Black blundered away a significant advantage.}
 1-0

[Event "Washington Class Championships"]
[Site "Lynnwood, WA"]
[Date "2016.11.26"]
[Round "1"]
[White "Peng Christopher  (WA)"]
[Black "Chen Angela  (WA)"]
[Result "0-1"]
[WhiteElo "693"]
[BlackElo "878"]
[Annotator ""]
[Source ""]
[Remark "Class E -- 2 Day"]

1.e4 e5 2.Nf3 Nc6 3.Bc4 Bc5 4.Nc3 Nf6 5.d3 d6 6.Be3 Bb6 7.O-O
Bg4 8.h3 Bh5 9.Qe2 O-O 10.Rad1 Re8 11.Bg5 h6 12.Bh4 Nd4 13.Qe1
Bxf3 14.Nd5 c6 15.Nxf6+ gxf6 16.c3 Bxd1 17.cxd4 Bh5 18.Qc3 Bxd4
19.Qb3 Rb8 20.Re1 b5 21.Bxf7+ Bxf7 22.Qc2 Rc8 23.Qe2 Kh7 24.b3
Bg6 25.Qf3 Rf8 26.Rc1 Kg7 27.Qg3 Qe8 28.Qg4 Kh7 29.Kf1 Bh5 30.Qf5+
Bg6 31.Qg4 f5 32.Qe2 fxe4 33.dxe4 d5 34.exd5 cxd5 35.Rd1 Bh5
36.g4 Bg6 37.Kg2 Be4+ 38.Kh2 Rc2 39.Rd2 Rxd2 40.Qxd2 Qg6 41.Qb4
Rb8 42.a4 a6 43.a5 h5 44.g5 Qf7 45.Kg1 Rc8 46.Qd2 Rc3 47.Kh2
Rc2 48.Qe1 Bxf2 49.Bxf2 Rxf2+ 50.Kg1 Rg2+ 51.Kh1 Re2+ 52.Kg1
Rxe1+ 53.Kh2 Qf2# 0-1

[Event "Washington Class Championships"]
[Site "Lynnwood, WA"]
[Date "2016.11.26"]
[Round "3"]
[White "Yan Jeffrey  (WA)"]
[Black "Jiang Brandon  (WA)"]
[Result "0-1"]
[WhiteElo "1725"]
[BlackElo "1455"]
[Annotator ""]
[Source ""]
[Remark "Class B -- 2 Day"]

1.e4 e5 2.Nf3 Nc6 3.Bc4 Nf6 4.d3 Bc5 5.c3 O-O 6.Bg5 d6 7.O-O
Be6 8.Bb5 a6 9.Bxc6 bxc6 10.d4 Bb6 11.dxe5 dxe5 12.Qxd8 Rfxd8
13.Nxe5 Rd6 14.Bxf6 gxf6 15.Nf3 Rad8 16.h3 Rd3 17.Na3 Bc5 18.Nc2
Bc4 19.Rfe1 Kg7 20.Ncd4 Bxd4 21.Nxd4 c5 22.Nf5+ Kg8 23.Ne3 Be6
24.a3 Bb3 25.Re2 Rd2 26.Kf1 c4 27.Ke1 R2d3 28.f3 Kg7 29.Nf5+
Kg6 30.Nd4 Ba4 31.Rd2 c5 32.Rxd3 cxd3 33.b3 cxd4 34.bxa4 dxc3
35.Kd1 Rb8 36.Rc1 Rb3 37.f4 c2+ 38.Kd2 Rb1 39.g4 Rxc1 40.Kxc1
h5 41.a5 Kh6 42.Kd2 Kg6 43.Kc1 hxg4 44.hxg4 Kg7 45.Kd2 Kf8 46.Kc1
Ke7 47.Kd2 Kd6 48.Kc1 Kc5 49.e5 fxe5 50.f5 Kd6 51.g5 Ke7 52.Kd2
e4 53.Kc1 e3 0-1

[Event "Washington Class Championships"]
[Site "Lynnwood, WA"]
[Date "2016.11.26"]
[Round "3"]
[White "Gupta Anand  (WA)"]
[Black "Abdiev Bulan  (WA)"]
[Result "1-0"]
[WhiteElo "1025"]
[BlackElo "1213"]
[Annotator ""]
[Source ""]
[Remark "Class E -- 2 Day"]

1.d4 Nf6 2.c4 g6 3.Nf3 Bg7 4.Nc3 O-O 5.Bf4 d5 6.c5 Nc6 7.e3 Bg4
8.Be2 Re8 9.Ne5 Bxe2 10.Qxe2 Ne4 11.Nxe4 dxe4 12.Nxc6 bxc6 13.O-O
Rb8 14.b3 e5 15.Bxe5 Bxe5 16.dxe5 Rxe5 17.Rfd1 Qe7 18.Qa6 Qxc5
19.Rac1 Qb6 20.Rxc6 Qxa6 21.Rxa6 Rb7 22.Rd8+ Kg7 23.Ra8 Rc5 24.g3
Rc1+ 25.Kg2 Rb6 26.R8xa7 Rd6 27.Rxd6 cxd6 28.Re7 d5 29.a4 Rc8
30.Rd7 Rb8 31.Rxd5 Rxb3 32.Re5 Rb4 33.a5 Ra4 34.Kf1 Kf6 35.Rb5
Ke6 36.Rb6+ Kd5 37.a6 h5 38.Rf6 Ke5 39.Rxf7 Rxa6 40.Re7+ Kf5
41.Kg2 Ra2 42.Rf7+ Ke6 43.Rf4 Ke5 44.Kh3 g5 45.Rf7 Rb2 46.g4
h4 47.Rf5+ Ke6 48.Kg2 Rc2 49.Rxg5 1-0

[Event "Washington Class Championships"]
[Site "Lynnwood, WA"]
[Date "2016.11.26"]
[Round "3"]
[White "Hotani Kabir  (WA)"]
[Black "Xue Henry  (WA)"]
[Result "1/2-1/2"]
[WhiteElo "853"]
[BlackElo "801"]
[Annotator ""]
[Source ""]
[Remark "Class E -- 2 Day"]

1.e4 d5 2.exd5 Nf6 3.Bc4 c6 4.dxc6 Nxc6 5.Nf3 e5 6.Bb5 Bd7 7.Qe2
Bc5 8.Bxc6 Bxc6 9.Qxe5+ Qe7 10.d4 Bxf3 11.Qxe7+ Bxe7 12.gxf3
O-O 13.O-O Rad8 14.Re1 Rfe8 15.c3 Rd5 16.h4 h6 17.Re5 Rd6 18.Bf4
Rd5 19.Nd2 Rxe5 20.Bxe5 Nd7 21.h5 Nxe5 22.dxe5 Bg5 23.Nc4 b5
24.Na3 Rxe5 25.Kg2 Bh4 26.Kh3 Rxh5 27.Kg4 g6 28.Rh1 Rg5+ 29.Kf4
Rf5+ 30.Kg4 Bg5 31.c4 Rf4+ 32.Kg3 bxc4 33.Nb5 a6 34.Na3 Kg7 35.Rc1
c3 36.Rxc3 h5 37.Rc4 h4+ 38.Kg2 h3+ 39.Kxh3 Rxf3+ 40.Kg4 Rxf2
41.Kxg5 Rxb2 42.Rc2 f6+ 43.Kg4 f5+ 44.Kg5 Rb4 45.Rc7+ Kf8 46.Kxg6
Rb6+ 47.Kxf5 Ke8 48.Ra7 Kd8 49.Ke5 Kc8 50.Kd5 1/2-1/2

[Event "Washington Class Championships"]
[Site "Lynnwood, WA"]
[Date "2016.11.26"]
[Round "3"]
[White "Bragg David  (WA)"]
[Black "Norovsambuu Badamkhand  (WA)"]
[Result "0-1"]
[WhiteElo "2200"]
[BlackElo "2082"]
[Annotator ""]
[Source ""]
[Remark "Master -- 2 Day"]

1.d4 d5 2.Nc3 c6 3.e4 dxe4 4.Nxe4 Bf5 5.Ng3 Bg6 6.Nf3 Nd7 7.h4
h6 8.h5 Bh7 9.Bd3 Bxd3 10.Qxd3 Ngf6 11.Bd2 e6 12.O-O-O Be7 13.Kb1
Rc8 14.Bc1 b5 15.Nf1 Qc7 16.Ne3 a6 17.g4 Nd5 18.Nxd5 cxd5 19.Rde1
Nf6 20.Ne5 Ne4 21.Rhf1 Bd6 22.f3 Nf6 23.Re2 Bxe5 24.Rxe5 Qc4
25.Qd1 a5 26.Rfe1 b4 27.R5e2 a4 28.Rg2 Kd7 29.b3 Qa6 30.Qe2 Ra8
31.Qxa6 Rxa6 32.Bf4 Rc8 33.Bd2 Rb8 34.Re3 Ne8 35.bxa4 Rxa4 36.Rb3
Nd6 37.c3 Rba8 38.Be1 bxc3 39.Bxc3 Rc4 40.Kb2 Rca4 41.Kb1 f6
42.f4 R8a7 43.g5 fxg5 44.fxg5 Nf5 45.gxh6 gxh6 46.Rd2 Rc4 47.Bb2
Rc8 48.Rc3 Rg8 49.a3 Rg4 50.Rf3 Rc7 51.Rh3 Rc4 52.Ka2 Ke7 53.Rhd3
Rh4 54.Kb3 Rxh5 55.a4 Rg5 56.a5 Rg8 57.Ba3+ Kd7 58.Bc5 Rb8+ 59.Bb6
Ne7 60.Rc3 0-1

[Event "Washington Class Championships"]
[Site "Lynnwood, WA"]
[Date "2016.11.26"]
[Round "3"]
[White "Christy John  (WA)"]
[Black "Peng Brandon  (WA)"]
[Result "0-1"]
[WhiteElo "1451"]
[BlackElo "1457"]
[Annotator ""]
[Source ""]
[Remark "Class C -- 2 Day"]

1.Nf3 d5 2.d4 c5 3.c3 Nf6 4.e3 Nc6 5.Bd3 Bg4 6.Nbd2 e6 7.O-O
Rc8 8.Re1 Be7 9.dxc5 Bxc5 10.h3 Bh5 11.Qc2 O-O 12.e4 dxe4 13.Nxe4
Nxe4 14.Bxe4 Bg6 15.Bxg6 hxg6 16.Bg5 Qb6 17.Rad1 Be7 18.Bxe7
Nxe7 19.Rd7 Nd5 20.Rd1 Qb5 21.Ne5 Nf6 22.Nxg6 Nxd7 23.Ne7+ Kh8
24.Qe4 Nf6 25.Qh4+ Qh5 26.Qxh5+ Nxh5 27.Nxc8 Rxc8 28.Rd7 Rb8
29.Rxf7 g6 30.Re7 Ng7 31.g4 a5 32.a4 b5 33.axb5 Rxb5 34.Ra7 Rxb2
35.Rxa5 Rc2 36.Rc5 Kh7 37.Rc7 Kg8 38.Kg2 Kf8 39.Kf3 Ne8 40.Rc8
Ke7 41.Ke3 Nd6 42.Rc5 Nf7 43.h4 Rc1 44.h5 g5 45.h6 Kf6 46.h7
Rh1 47.c4 Rxh7 48.Rb5 Ne5 49.c5 Nxg4+ 50.Kf3 Ne5+ 51.Ke4 Rc7
52.Kd4 Rd7+ 53.Ke4 Rd2 54.Ke3 Rc2 55.f3 Rc3+ 56.Ke2 Rxf3 57.Rb2
Rf2+ 58.Kxf2 Nd3+ 59.Ke3 Nxb2 60.c6 Nc4+ 61.Ke4 Nd6+ 62.Kf3 e5
63.c7 Kf5 64.Kf2 Kf4 65.Kf1 Kf3 0-1

[Event "Washington Class Championships"]
[Site "Lynnwood, WA"]
[Date "2016.11.25"]
[Round "2"]
[White "Tien Andy  (WA)"]
[Black "Zhang Ethan  (OR)"]
[Result "0-1"]
[WhiteElo "1373"]
[BlackElo "1186"]
[Annotator ""]
[Source ""]
[Remark "Class D"]

1.e4 e5 2.Nf3 Nc6 3.Bc4 Nf6 4.d4 exd4 5.e5 Nxe5 6.Nxe5 Qe7 7.Qe2
d5 8.Bd3 g6 9.O-O Bg7 10.Re1 O-O 11.Nf3 Qb4 12.c3 dxc3 13.Nxc3
Qb6 14.Be3 c5 15.Na4 Qb4 16.Bxc5 Qxa4 17.Bxf8 Bxf8 18.Ng5 Bh6
19.Nxf7 Kxf7 20.Qe7+ Kg8 21.Qxf6 Bg7 22.Qd8+ Bf8 23.Re8 Qf4 24.Qxd5+
Qf7 25.Qe4 Bf5 26.Rxa8 Bxe4 27.Bxe4 Kg7 28.Rb8 Kh6 29.Rxb7 Qf4
30.Bf3 Bd6 31.Kf1 Qxh2 32.g3 Bc5 33.Bg2 Qh5 34.Rb5 Qf5 35.Bf3
Qxf3 36.Rxc5 Qh1+ 37.Ke2 Qxa1 38.Rb5 Qxa2 39.Kd3 Qa6 40.Kc4 Qe6+
41.Kb4 Qe1+ 42.Ka4 Qxf2 43.g4 Qd4+ 44.Rb4 Qd7+ 45.Ka3 Kg5 46.b3
Qd1 47.Ka4 h5 48.gxh5 gxh5 49.Ka5 h4 50.Rb5+ Kg4 51.Rb4+ Kg3
52.Ka6 Qd6+ 53.Ka5 Qd8+ 54.Rb6 0-1

[Event "Washington Class Championships"]
[Site "Lynnwood, WA"]
[Date "2016.11.25"]
[Round "3"]
[White "Toppen-Ryan Harrison  (WA)"]
[Black "Keyser Harrison  (WA)"]
[Result "1-0"]
[WhiteElo "821"]
[BlackElo "1056"]
[Annotator ""]
[Source ""]
[Remark "Class E"]

1.c4 e5 2.Nc3 Nc6 3.g3 f5 4.Bg2 Nf6 5.e3 d5 6.cxd5 Nb4 7.d3 c6
8.a3 Nbxd5 9.Nge2 Qb6 10.O-O Be6 11.e4 Nxc3 12.Nxc3 O-O-O 13.Qe2
fxe4 14.dxe4 Bg4 15.Qc2 Bh5 16.Be3 Qc7 17.f3 Bg6 18.Bh3+ Nd7
19.Rac1 a6 20.Nd5 Qb8 21.Nb6+ Kc7 22.Bxd7 Rxd7 23.Nxd7 Kxd7 24.Rfd1+
Ke6 25.Qb3+ Kf6 26.Rxc6+ 1-0

[Event "Washington Class Championships"]
[Site "Lynnwood, WA"]
[Date "2016.11.27"]
[Round "6"]
[White "Seshadri Sridhar  (WA)"]
[Black "Zhang Zachary  (WA)"]
[Result "1-0"]
[WhiteElo "1685"]
[BlackElo "1698"]
[Annotator ""]
[Source ""]
[Remark "Class A"]

1.d4 f5 2.e3 Nf6 3.Nf3 g6 4.d5 Bg7 5.Bc4 d6 6.O-O O-O 7.Nc3 Nbd7
8.Re1 Nc5 9.Rb1 Nfe4 10.Nd4 Kh8 11.f3 Nxc3 12.bxc3 Qe8 13.Bd2
a6 14.Be2 e5 15.Nb3 Nxb3 16.cxb3 c5 17.c4 Bd7 18.Qc1 Qe7 19.f4
g5 20.Bc3 Rg8 21.b4 Rab8 22.Bf1 e4 23.bxc5 dxc5 24.Qb2 b5 25.Bxg7+
Qxg7 26.Qe5 Qxe5 27.fxe5 b4 28.e6 Ba4 29.Rb2 Rbd8 30.Rd2 Rd6
31.Rf2 Rf8 32.g4 f4 33.exf4 gxf4 34.Rxe4 f3 35.e7 Re8 36.Rxf3
Kg7 37.Bd3 Rd7 38.Rfe3 Kf7 39.Rf4+ Kg7 40.h4 Rdxe7 41.Rxe7+ Rxe7
42.Kf2 h6 43.g5 hxg5 44.hxg5 Rf7 45.Ke3 Be8 46.Rxf7+ Kxf7 47.Kf4
a5 48.Ke5 Ke7 49.d6+ Kf7 50.Kd5 a4 51.Bc2 b3 52.axb3 a3 53.Bb1
Kf8 54.Ba2 Bg6 55.Kxc5 Bc2 56.Kb4 Ke8 57.Kxa3 Kd7 58.c5 Bf5 59.Kb4
Kc6 60.Kc4 Kd7 61.Kd4 Bg6 62.Ke5 Kc6 63.b4 Be8 64.Bc4 Bd7 65.g6 1-0

[Event "Washington Class Championships"]
[Site "Lynnwood, WA"]
[Date "2016.11.25"]
[Round "2"]
[White "Lee Brian  (WA)"]
[Black "Zhang Kyle  (WA)"]
[Result "1-0"]
[WhiteElo "1451"]
[BlackElo "1337"]
[Annotator ""]
[Source ""]
[Remark "Class C"]

1.d4 d5 2.Nf3 Nf6 3.Bf4 c5 4.e3 Nc6 5.c4 e6 6.Nc3 Bd6 7.Bg5 h6
8.Bxf6 Qxf6 9.cxd5 exd5 10.dxc5 Bxc5 11.Nxd5 Qd8 12.Rc1 Bd6 13.a3
O-O 14.Be2 Be6 15.Nc3 Rc8 16.Nb5 Be7 17.Nfd4 Nxd4 18.Nxd4 Qa5+
19.Kf1 Bd5 20.Rg1 Bf6 21.Rxc8 Rxc8 22.f3 Qc5 23.Kf2 Bxd4 24.Qxd4
Qxd4 25.exd4 Rc2 26.Ke3 Rxb2 27.Rc1 Rb3+ 28.Bd3 Rxa3 29.Rc8# 1-0

[Event "Washington Class Championships"]
[Site "Lynnwood, WA"]
[Date "2016.11.25"]
[Round "2"]
[White "Caluza Severo  (CAN)"]
[Black "Lopez Francisco  (WA)"]
[Result "1-0"]
[WhiteElo "1935"]
[BlackElo "1749"]
[Annotator ""]
[Source ""]
[Remark "Class A"]

1.c4 e6 2.d4 d5 3.Nc3 f5 4.Bf4 c6 5.cxd5 exd5 6.e3 Nf6 7.Bd3
Bd6 8.Nge2 O-O 9.O-O Qe7 10.Ng3 Ne4 11.Bxe4 fxe4 12.Bxd6 Qxd6
13.f3 exf3 14.Rxf3 Re8 15.Qd3 Nd7 16.Nf5 Qe6 17.Raf1 Nf8 18.Rg3
g6 19.Nh6+ Kg7 20.Nf7 Re7 21.Rgf3 Qd7 22.Qd2 Qg4 23.e4 Qh4 24.Ne5
Nd7 25.Nxd7 Rxd7 26.Rf8 {21. ... Qd7 may be wrong, but what was written (Bd7), was clearly incorrect based on what followed.}
 1-0

[Event "Washington Class Championships"]
[Site "Lynnwood, WA"]
[Date "2016.11.25"]
[Round "2"]
[White "Yang Jason  (WA)"]
[Black "Fagundes Frank  (WA)"]
[Result "1-0"]
[WhiteElo "1797"]
[BlackElo "1791"]
[Annotator ""]
[Source ""]
[Remark "Class A"]

1.d4 Nf6 2.c4 e6 3.Nc3 Bb4 4.Qc2 d5 5.Bg5 h6 6.Bh4 g5 7.Bg3 Ne4
8.e3 Nc6 9.Bd3 Bxc3+ 10.bxc3 Nxg3 11.hxg3 Bd7 12.cxd5 exd5 13.Nf3
Qe7 14.Qb3 g4 15.Nh4 Qd6 16.Qxb7 Rb8 17.Qa6 Rb6 18.Qa4 Nb4 19.Qd1
Nxd3+ 20.Qxd3 Qf6 21.Rb1 O-O 22.Rxb6 axb6 23.O-O Re8 24.c4 Qe6
25.Rc1 dxc4 26.Qxc4 Qxc4 27.Rxc4 c6 28.Rc3 Ra8 29.a3 f5 30.Ng6
Kf7 31.Ne5+ Ke6 32.f3 Kd5 33.Nxd7 1-0

[Event "Washington Class Championships"]
[Site "Lynnwood, WA"]
[Date "2016.11.25"]
[Round "2"]
[White "Kuhner Mary  (WA)"]
[Black "Yu Jason  (WA)"]
[Result "0-1"]
[WhiteElo "1979"]
[BlackElo "1999"]
[Annotator ""]
[Source ""]
[Remark "Expert"]

1.f4 d5 2.Nf3 c5 3.e3 Nc6 4.d4 Bg4 5.c3 e6 6.Bd3 Bd6 7.O-O cxd4
8.exd4 Qc7 9.Qe1 Nge7 10.Ne5 Bf5 11.Bxf5 Nxf5 12.b4 O-O 13.Na3
a6 14.Rb1 b5 15.Rf3 Rfb8 16.Rh3 Be7 17.Qe2 g6 18.Bd2 Nd6 19.Rf1
Ne4 20.Be1 f5 21.Nb1 Nxe5 22.fxe5 Rc8 23.Kh1 Qc4 24.Qxc4 Rxc4
25.Kg1 a5 26.Nd2 Nxd2 27.Bxd2 axb4 28.Rb1 Rxa2 29.Be1 bxc3 30.Rxc3
b4 31.Rxc4 dxc4 32.Bxb4 Bxb4 33.Rxb4 c3 34.Rb1 Rd2 0-1

[Event "Washington Class Championships"]
[Site "Lynnwood, WA"]
[Date "2016.11.25"]
[Round "2"]
[White "Keyser Harrison  (WA)"]
[Black "Subramanian Nithya  (WA)"]
[Result "1-0"]
[WhiteElo "1056"]
[BlackElo "1040"]
[Annotator ""]
[Source ""]
[Remark "Class E"]

1.e4 e5 2.Bc4 Nf6 3.d4 d6 4.dxe5 dxe5 5.Bxf7+ Ke7 6.Qxd8+ Kxd8
7.Bg5 Be7 8.Nc3 Rf8 9.Bb3 Bb4 10.O-O-O+ Bd7 11.Nd5 Bc5 12.Nf3
Nc6 13.Nxf6 gxf6 14.Be6 Nd4 15.Nxd4 exd4 16.Bxd7 Kxd7 17.Bh4
Kc8 18.f3 b6 19.Bf2 Rd8 20.Rd3 Kb7 21.Rhd1 Rd7 22.Bxd4 Bxd4 23.Rxd4
Rxd4 24.Rxd4 Rg8 25.g3 Kc6 26.Rd5 Rg5 27.Rxg5 fxg5 28.f4 gxf4
29.gxf4 Kd6 30.f5 Ke5 31.Kd2 Kxe4 32.f6 Ke5 33.f7 Ke6 34.f8Q
h5 35.Qe8+ Kd5 36.Kd3 Kc5 37.Qd7 Kb4 38.a4 Ka5 39.Qb5# 1-0

[Event "Washington Class Championships"]
[Site "Lynnwood, WA"]
[Date "2016.11.25"]
[Round "2"]
[White "Brusniak Benjamin  (WA)"]
[Black "Bishop Alan  (WA)"]
[Result "0-1"]
[WhiteElo "2011"]
[BlackElo "2000"]
[Annotator ""]
[Source ""]
[Remark "Expert"]

1.d4 d6 2.c4 e5 3.d5 f5 4.Nc3 Nf6 5.Nf3 g6 6.Qc2 e4 7.Nd4 Bg7
8.Bg5 h6 9.Bxf6 Qxf6 10.e3 O-O 11.Be2 a6 12.O-O-O c5 13.dxc6
bxc6 14.Qd2 Kh7 15.f3 exf3 16.Bxf3 Be6 17.Nxc6 Nxc6 18.Bxc6 Rab8
19.e4 h5 20.Kc2 Rfc8 21.Bd5 Bxd5 22.exd5 Rxc4 23.Rc1 Bh6 24.Qe2
Rbc8 25.Kb1 Rb4 26.a3 Rb3 27.Ka2 Bxc1 28.Rxc1 Rcb8 29.Rc2 a5
30.Na4 Qe5 31.Rc7+ Kh6 32.Qxe5 dxe5 33.d6 Rd3 34.d7 Rd8 35.Nc5
Rd2 36.Kb3 e4 37.Kc3 e3 38.Rc8 R2xd7 39.Nxd7 Rxc8+ 0-1

[Event "Washington Class Championships"]
[Site "Lynnwood, WA"]
[Date "2016.11.25"]
[Round "2"]
[White "Baxter Brent  (WA)"]
[Black "Tien Sophie  (WA)"]
[Result "1-0"]
[WhiteElo "1889"]
[BlackElo "1811"]
[Annotator ""]
[Source ""]
[Remark "Class A"]

1.b3 e5 2.Bb2 Nc6 3.c4 Bc5 4.Nc3 Nf6 5.e3 d6 6.Na4 Bb6 7.Nf3
Bg4 8.Nxb6 axb6 9.d3 Qe7 10.Be2 h6 11.O-O h5 12.Qd2 Bxf3 13.Bxf3
g5 14.Bd5 g4 15.f4 O-O-O 16.a4 Rhg8 17.Bxc6 bxc6 18.a5 bxa5 19.Rxa5
exf4 20.Rxf4 Nh7 21.Rxh5 f6 22.Rhf5 Rdf8 23.e4 g3 24.h3 Rg5 25.Qa5
c5 26.Qa6+ Kd7 27.Qb5+ Kd8 28.Qc6 Rxf5 29.Rxf5 Ng5 30.Qa8+ Kd7
31.Qa4+ Kd8 32.Qa1 Nh7 33.Qf1 c6 34.Qf4 d5 35.Qb8+ Kd7 36.Qb7+
Kd6 37.e5+ fxe5 38.Bxe5+ Ke6 39.Qxe7+ Kxe7 40.Rxf8 Nxf8 41.Bxg3
Ne6 42.Be5 Kf7 43.Kf2 Kg6 44.g4 Kg5 45.Kg3 Kg6 46.h4 1-0

[Event "Washington Class Championships"]
[Site "Lynnwood, WA"]
[Date "2016.11.25"]
[Round "2"]
[White "Deng Samuel  (WA)"]
[Black "Zhang Zachary  (WA)"]
[Result "1-0"]
[WhiteElo "1781"]
[BlackElo "1698"]
[Annotator ""]
[Source ""]
[Remark "Class A"]

1.d4 f5 2.g3 Nf6 3.Bg2 g6 4.c4 Bg7 5.Nf3 O-O 6.O-O d6 7.b3 c6
8.Bb2 a5 9.a3 Na6 10.Nbd2 Rb8 11.Rc1 Bd7 12.Re1 Nc7 13.Bc3 Ra8
14.e4 Nxe4 15.Nxe4 fxe4 16.Rxe4 Bf5 17.Re1 Bh6 18.Bd2 Bxd2 19.Qxd2
Qd7 20.Re3 a4 21.Rce1 Rf7 22.b4 Re8 23.d5 e5 24.dxe6 Bxe6 25.Ng5
Rff8 26.Nxe6 Nxe6 27.Bh3 Rf6 28.Qd1 b5 29.cxb5 cxb5 30.Qd5 Kf7
31.Bg4 h5 32.Bh3 g5 33.Bxe6+ Rexe6 34.Qxg5 Re5 35.Rxe5 dxe5 36.Qxh5+
Kg7 37.Rxe5 Qd2 38.Re7+ Kg8 39.Qe8+ Rf8 40.Qg6+ Kh8 41.Qh7# 1-0

[Event "Washington Class Championships"]
[Site "Lynnwood, WA"]
[Date "2016.11.25"]
[Round "2"]
[White "Anthony Ralph  (WA)"]
[Black "Mathews Daniel  (WA)"]
[Result "1/2-1/2"]
[WhiteElo "1602"]
[BlackElo "1783"]
[Annotator ""]
[Source ""]
[Remark "Class B"]

1.e4 c5 2.Nf3 Nc6 3.d4 cxd4 4.Nxd4 Nxd4 5.Qxd4 d6 6.c4 Nf6 7.Nc3
Bd7 8.Be2 Bc6 9.f3 e5 10.Qd3 Be7 11.Be3 a6 12.O-O O-O 13.Rfd1
Nh5 14.Qd2 g5 15.Nd5 Bxd5 16.cxd5 h6 17.g3 Ng7 18.g4 Qd7 19.Qb4
Rfc8 20.Bb6 Ne8 21.Rdc1 Rxc1+ 22.Rxc1 Rc8 23.Rc4 Rxc4 24.Qxc4
Bd8 25.Qb4 Bxb6+ 26.Qxb6 Qc8 27.h3 Kf8 28.Bf1 Qc5+ 29.Qxc5 dxc5
30.a4 Ke7 31.Kf2 Kd6 32.Ke3 Kc7 33.Kd3 Nd6 34.Kc3 Kb6 35.b4 cxb4+
36.Kxb4 a5+ 37.Kb3 Kc5 38.Kc3 f6 39.Bd3 Nc8 40.Be2 Nd6 41.Bd3 1/2-1/2

[Event "Washington Class Championships"]
[Site "Lynnwood, WA"]
[Date "2016.11.25"]
[Round "2"]
[White "Haining Breck  (WA)"]
[Black "Rajesh Anirudh  (WA)"]
[Result "0-1"]
[WhiteElo "1300"]
[BlackElo "1060"]
[Annotator ""]
[Source ""]
[Remark "Class D"]

1.e4 e5 2.Nf3 Nc6 3.Nc3 Nf6 4.d4 exd4 5.Nxd4 Bc5 6.Nf5 O-O 7.Bd3
d6 8.O-O Bxf5 9.exf5 Nd7 10.Ne4 Bb6 11.Qh5 f6 12.Bc4+ Kh8 13.c3
Nde5 14.Be6 Nd3 15.Qf3 Nce5 16.Qe2 d5 17.Ng3 Nc5 18.Be3 Nxe6
19.fxe6 Qd6 20.Bxb6 Qxb6 21.e7 Rfe8 22.Nf5 g6 23.Ne3 Qd6 24.Rad1
c6 25.Rfe1 Rxe7 26.Ng4 Rae8 27.Nxe5 Qxe5 28.Qxe5 Rxe5 29.Kf1
Rxe1+ 30.Rxe1 Rxe1+ 31.Kxe1 Kg7 32.Ke2 Kf7 33.Kd3 Ke6 34.f3 c5
35.g3 b6 36.h3 g5 37.b3 h5 38.Ke3 Ke5 39.a4 d4+ 40.Kd3 dxc3 41.Kxc3
Kd5 42.Kd3 f5 43.Kc3 a6 44.Kd3 b5 45.axb5 axb5 46.Kc3 g4 47.fxg4
fxg4 48.hxg4 hxg4 49.Kd3 c4+ 50.bxc4+ bxc4+ 51.Kc3 Ke4 52.Kxc4
Kf3 53.Kd4 Kxg3 0-1